[Event "Gibraltar Masters 2020"]
[Site "Caleta ENG"]
[Date "2020.01.23"]
[Round "3.81"]
[White "Spence, David J"]
[Black "Trent, Lawrence"]
[Result "0-1"]
[BlackTitle "IM"]
[WhiteElo "2146"]
[BlackElo "2383"]
[WhiteFideId "407429"]
[BlackFideId "408638"]
[EventDate "2020.01.21"]

1. e4 g6 2. d4 Bg7 3. Nc3 c6 4. Nf3 d6 5. Be3 Nf6 6. Qd2 O-O 7. Bh6 b5 8. Bd3
Bg4 9. O-O-O e5 10. dxe5 dxe5 11. Ne2 Nbd7 12. h3 Bxh6 13. Qxh6 Bxf3 14. gxf3
Qa5 15. Kb1 Nh5 16. Rhg1 Kh8 17. Rg5 Nhf6 18. Rdg1 c5 19. Ng3 c4 20. Be2 Ng8 21.
Qh4 c3 22. bxc3 Qxc3 23. Rg4 Nc5 24. Qg5 Na4 25. Qc1 Qb4+ 26. Ka1 Qc3+ 27. Kb1
Qd4 28. Qa3 Rfc8 29. Bd3 Rc3 30. Qc1 Rac8 31. Rd1 Qb4+ 32. Ka1 Ra3 33. Ne2 a6
34. f4 Nf6 35. Rg3 Nc3 36. Nxc3 Qxc3+ 37. Qb2 Nh5 38. fxe5 Nxg3 39. fxg3 Qxb2+
40. Kxb2 Rac3 41. Rf1 Kg7 0-1

[Event "Gibraltar Masters 2020"]
[Site "Caleta ENG"]
[Date "2020.01.23"]
[Round "3.82"]
[White "Lombaers, Peter"]
[Black "Veltkamp, Gerben"]
[Result "1-0"]
[WhiteTitle "FM"]
[WhiteElo "2383"]
[BlackElo "2140"]
[WhiteFideId "1032852"]
[BlackFideId "4631307"]
[EventDate "2020.01.21"]

1. d4 Nf6 2. c4 c5 3. d5 b5 4. cxb5 a6 5. bxa6 g6 6. Nc3 Bg7 7. Nf3 O-O 8. a7
Rxa7 9. e4 e6 10. Be2 exd5 11. exd5 d6 12. O-O Na6 13. Nb5 Rd7 14. Bc4 Bb7 15.
Bg5 h6 16. Bh4 Qa5 17. Bxf6 Bxf6 18. a4 Bxb2 19. Rb1 Bg7 20. Nxd6 Ba8 21. Nb5
Nb4 22. d6 Rfd8 23. Re1 Nc6 24. Qc2 Kh7 25. h4 Nb4 26. Qb3 f5 27. Ng5+ Kh8 28.
Nf7+ Kh7 29. Nxd8 Qxd8 30. Qg3 Nc2 31. Re6 g5 32. Qd3 Nd4 33. Nxd4 Be4 34. Rxe4
Rxd6 35. Re6 Rxd4 36. Qxf5+ Kh8 37. Rbe1 1-0

[Event "Gibraltar Masters 2020"]
[Site "Caleta ENG"]
[Date "2020.01.23"]
[Round "3.83"]
[White "Mullick, Raahil"]
[Black "Advait, Bagri"]
[Result "1/2-1/2"]
[WhiteTitle "CM"]
[BlackTitle "CM"]
[WhiteElo "2382"]
[BlackElo "2105"]
[WhiteFideId "35080350"]
[BlackFideId "5820391"]
[EventDate "2020.01.21"]

1. e4 e5 2. Nf3 Nc6 3. Bb5 a6 4. Ba4 Nf6 5. O-O Be7 6. Re1 b5 7. Bb3 d6 8. c3
O-O 9. h3 Na5 10. Bc2 c5 11. d4 Qc7 12. Nbd2 Be6 13. d5 Bd7 14. b3 Rfc8 15. c4
g6 16. Bd3 Nh5 17. Bb2 Rab8 18. Bc3 Nf4 19. Bf1 Nb7 20. Kh2 b4 21. Bb2 a5 22. g3
Nh5 23. a4 Ng7 24. h4 Rf8 25. Bh3 Bxh3 26. Kxh3 f5 27. exf5 gxf5 28. Kg2 Bf6 29.
Ng5 h6 30. Nh3 Qf7 31. Qc2 Rbe8 32. Rf1 Re7 1/2-1/2

[Event "Gibraltar Masters 2020"]
[Site "Caleta ENG"]
[Date "2020.01.23"]
[Round "3.84"]
[White "Represa Perez, Mireya"]
[Black "Mieles Palau, Daniel"]
[Result "1-0"]
[WhiteTitle "WFM"]
[BlackTitle "IM"]
[WhiteElo "2081"]
[BlackElo "2374"]
[WhiteFideId "32010036"]
[BlackFideId "3600467"]
[EventDate "2020.01.21"]

1. e4 c5 2. Nf3 d6 3. d4 Nf6 4. dxc5 Nxe4 5. cxd6 Nxd6 6. Nc3 Nc6 7. Bf4 Bg4 8.
Be2 e6 9. h3 Bf5 10. Nd4 Be7 11. Bxd6 Bxd6 12. Nxf5 exf5 13. Qd5 Be5 14. O-O-O
Qg5+ 15. Kb1 O-O 16. Qc5 Rac8 17. h4 Qxg2 18. Rdg1 Bd6 19. Qxd6 Qxf2 20. Qf6 g6
21. h5 Qd4 22. Qxf5 Ne7 23. Qh3 Rfd8 24. hxg6 hxg6 25. Qh7+ Kf8 26. Rd1 Qg7 27.
Rxd8+ Rxd8 28. Qxg7+ Kxg7 29. Rd1 Rxd1+ 30. Bxd1 f5 31. Bf3 b6 32. Nb5 g5 33.
Nxa7 g4 34. Bb7 f4 35. Kc1 Kf6 36. Kd2 g3 37. Nb5 Nf5 38. Ke2 Ne3 39. c3 g2 40.
Kf2 Nd1+ 41. Kxg2 Nxb2 42. Kf3 Ke5 43. Nd4 Nd3 44. Nc6+ Kf6 45. Bc8 Kg5 46. Nd4
Nc1 47. a4 Nd3 48. Ne6+ Kf6 49. Nxf4 1-0

[Event "Gibraltar Masters 2020"]
[Site "Caleta ENG"]
[Date "2020.01.23"]
[Round "3.85"]
[White "Utiatskaja, Irina"]
[Black "Obiamiwe, Paul"]
[Result "1-0"]
[WhiteTitle "WIM"]
[WhiteElo "2143"]
[BlackElo "1920"]
[WhiteFideId "24140848"]
[BlackFideId "8500215"]
[EventDate "2020.01.21"]

1. c4 Nf6 2. Nf3 e6 3. g3 d5 4. Bg2 c6 5. b3 Nbd7 6. d4 Be7 7. O-O O-O 8. Qc2 b6
9. Rd1 Bb7 10. Nc3 Rc8 11. e4 c5 12. exd5 exd5 13. Bb2 dxc4 14. d5 cxb3 15. axb3
Ne8 16. Nb5 a5 17. Na7 Bd6 18. Nxc8 Qxc8 19. Ng5 g6 20. Bh3 Qd8 21. Ne4 Ne5 22.
Qc3 f6 23. Be6+ Kg7 24. f4 Nf7 25. Re1 Be7 26. Rad1 Nfd6 27. g4 Nxe4 28. Rxe4
Nd6 29. Ree1 Nb5 30. Qe3 Bd6 31. g5 Nd4 32. h4 Qc7 33. Rf1 Ba6 34. Rf2 Qe7 35.
Rdd2 Qc7 36. h5 Qe7 37. hxg6 hxg6 38. Rh2 Bb5 39. Qh3 fxg5 40. Qh6+ Kf6 41. Rxd4 1-0

[Event "Gibraltar Masters 2020"]
[Site "Caleta ENG"]
[Date "2020.01.23"]
[Round "3.86"]
[White "Roussel-Roozmon, Thomas"]
[Black "Vidic, Teja"]
[Result "1-0"]
[WhiteTitle "GM"]
[BlackTitle "WFM"]
[WhiteElo "2473"]
[BlackElo "2252"]
[WhiteFideId "2603659"]
[BlackFideId "14605511"]
[EventDate "2020.01.21"]

1. d4 d5 2. c4 c6 3. Nf3 Nf6 4. e3 Bg4 5. h3 Bh5 6. cxd5 Bxf3 7. Qxf3 cxd5 8.
Nc3 e6 9. Bd2 Nc6 10. Bd3 Bd6 11. O-O O-O 12. Rfc1 a6 13. Qd1 e5 14. dxe5 Nxe5
15. Bf1 Qe7 16. Be1 Qe6 17. Ne2 Ng6 18. Nd4 Qe5 19. Nf3 Qe7 20. Qb3 Rad8 21. Rd1
Rfe8 22. Rac1 Bb8 23. Rc2 Rd7 24. Bc3 Ne5 25. Bxe5 Bxe5 26. Rcd2 Bb8 27. g3 h5
28. Bg2 Red8 29. Rd3 g6 30. h4 Ba7 31. Qc3 Ne4 32. Qe5 Qc5 33. Ng5 Nxg5 34. hxg5
d4 35. Qxc5 Bxc5 36. e4 Be7 37. f4 Rc7 38. e5 b5 39. Be4 Rdc8 40. Kg2 Bc5 41.
Rc1 Bb6 42. Rxc7 Rxc7 43. Rd1 Kf8 44. Kf3 Ke7 45. a3 a5 46. Bd3 b4 47. axb4 axb4
48. Ke4 b3 49. Rf1 Rc5 50. Ra1 Ra5 51. Rc1 Rc5 52. Ra1 Ra5 53. Rc1 Rc5 54. Bc4
Rc7 55. Kd3 Kf8 56. Rb1 Rb7 57. Bd5 Rb8 58. Ra1 Bc5 59. Ra5 Bb4 60. Ra7 Be7 61.
Rc7 Rb4 62. Bc4 Ra4 63. Rb7 Rb4 64. Ra7 Rb8 65. Kxd4 Rd8+ 66. Bd5 Rc8 67. Rb7
Rc2 68. Rb8+ Kg7 69. Rxb3 Rf2 70. Ke4 Re2+ 71. Kf3 Rd2 72. Rb5 Rd3+ 73. Kg2 Rd4
74. Kh3 Rb4 75. Rxb4 Bxb4 76. g4 hxg4+ 77. Kxg4 Be1 78. f5 gxf5+ 79. Kxf5 Bd2
80. e6 fxe6+ 81. Bxe6 Bb4 82. Bc4 Bf8 83. g6 Bb4 84. Bd3 Bf8 85. Ke6 Bb4 86. Kd5
Bf8 87. Kc4 Kf6 88. b4 Ke5 89. b5 Kd6 90. Be4 Kc7 91. Kd5 Kb6 92. Bd3 Kc7 93.
Ke6 Bg7 94. Kf7 Bd4 95. g7 Bxg7 96. Kxg7 Kb6 97. Kf6 1-0

[Event "Gibraltar Masters 2020"]
[Site "Caleta ENG"]
[Date "2020.01.23"]
[Round "3.87"]
[White "Percivaldi, Martin"]
[Black "Piasetski, Leon"]
[Result "1-0"]
[WhiteTitle "IM"]
[BlackTitle "IM"]
[WhiteElo "2403"]
[BlackElo "2219"]
[WhiteFideId "1508148"]
[BlackFideId "2600072"]
[EventDate "2020.01.21"]

1. d4 Nf6 2. c4 e6 3. g3 c5 4. d5 exd5 5. cxd5 d6 6. Nc3 g6 7. Nf3 Bg7 8. Bg2
O-O 9. O-O Nbd7 10. Re1 a6 11. a4 Rb8 12. Bf4 Qe7 13. Rc1 h6 14. h3 Nh5 15. Bd2
f5 16. e4 Qf7 17. exf5 gxf5 18. Re6 Ndf6 19. Qb3 b5 20. axb5 axb5 21. Rce1 c4
22. Qd1 Nxd5 23. Rxd6 Nb4 24. Bxh6 Bxh6 25. Rxh6 Nd3 26. Ng5 Qa7 27. Bd5+ 1-0

[Event "Gibraltar Masters 2020"]
[Site "Caleta ENG"]
[Date "2020.01.23"]
[Round "3.88"]
[White "Priyanka, Nutakki"]
[Black "Sukandar, Irine Kharisma"]
[Result "1-0"]
[WhiteTitle "WIM"]
[BlackTitle "IM"]
[WhiteElo "2242"]
[BlackElo "2402"]
[WhiteFideId "25049615"]
[BlackFideId "7101937"]
[EventDate "2020.01.21"]

1. Nf3 Nf6 2. c4 e6 3. e3 d5 4. Nc3 Bd6 5. b3 O-O 6. Bb2 c6 7. d4 Nbd7 8. Qc2 e5
9. dxe5 Nxe5 10. Nxe5 Bxe5 11. Rd1 Qa5 12. Bd3 dxc4 13. bxc4 Re8 14. h3 Bc7 15.
Qe2 Qg5 16. Qf3 h5 17. g3 Be6 18. Kf1 Rad8 19. Kg2 h4 20. Ne2 Be5 21. Bxe5 Qxe5
22. Qf4 Qb2 23. Nd4 hxg3 24. Qxg3 c5 25. Nxe6 fxe6 26. Bg6 Rf8 27. Rxd8 Rxd8 28.
Rb1 Qc3 29. Rxb7 Rf8 30. Bf5 Nh5 31. Bxe6+ Kh8 32. Qg5 Rxf2+ 33. Kxf2 Qd2+ 34.
Kg1 Qd1+ 35. Kg2 Qe2+ 36. Kh1 Qd1+ 37. Qg1 Qf3+ 38. Qg2 Qd1+ 39. Kh2 Qd6+ 40.
Kg1 Qxe6 41. Qf3 Qe5 42. Kg2 a5 43. Qg4 a4 44. Rf7 a3 45. Rf8+ Kh7 46. Qf5+ 1-0

[Event "Gibraltar Masters 2020"]
[Site "Caleta ENG"]
[Date "2020.01.23"]
[Round "3.89"]
[White "Houska, Jovanka"]
[Black "Wall, Tim P"]
[Result "1-0"]
[WhiteTitle "IM"]
[BlackTitle "FM"]
[WhiteElo "2401"]
[BlackElo "2218"]
[WhiteFideId "405094"]
[BlackFideId "401641"]
[EventDate "2020.01.21"]

1. d4 f5 2. g3 Nf6 3. Bg2 g6 4. Nf3 Bg7 5. O-O O-O 6. b3 d6 7. Bb2 Ne4 8. Nbd2
Nc6 9. e3 Nxd2 10. Nxd2 e5 11. d5 Nb8 12. c4 Nd7 13. b4 a5 14. a3 Qe7 15. Qc2 g5
16. f4 axb4 17. Nf3 bxa3 18. Nxg5 Nc5 19. Rxa3 Rxa3 20. Bxa3 e4 21. Bxc5 dxc5
22. g4 h6 23. Ne6 Bxe6 24. dxe6 Qxe6 25. gxf5 Qxf5 26. Bxe4 Qg4+ 27. Qg2 Qxg2+
28. Kxg2 c6 29. Rd1 Re8 30. Kf3 Re7 31. Rd6 Bf8 32. Rd8 Kg7 33. Rb8 Rd7 34. Ra8
Bd6 35. h3 Bc7 36. h4 Bd6 37. h5 Bc7 38. Bg6 Re7 39. e4 Bd6 40. e5 Bc7 41. Be4
b5 42. Ra6 bxc4 43. Rxc6 Bxe5 44. Rg6+ Kh8 45. Rxh6+ Kg8 46. fxe5 Rxe5 47. Kf4
Re8 48. Rc6 c3 49. Rxc5 c2 50. Bxc2 Kh8 51. Kg5 Rg8+ 52. Kh6 Rg7 53. Bg6 Rh7+
54. Kg5 Rg7 55. Rc6 Rg8 56. Kh6 Rg7 57. Rc8+ Rg8 58. Rc7 Rg7 59. Bf7 Rh7+ 60.
Kg5 Rg7+ 61. Kf6 Kh7 62. Rc8 Kh6 63. Be6 Ra7 64. Rb8 Rc7 65. Rb6 Rg7 66. Bf5 Rc7
67. Bg4 Rg7 68. Ke5+ Kg5 69. Re6 Rg8 70. Be2 Rg7 71. Kd6 Rg8 72. Ke7 Rg7+ 73.
Kf8 Ra7 74. Rg6+ 1-0

[Event "Gibraltar Masters 2020"]
[Site "Caleta ENG"]
[Date "2020.01.23"]
[Round "3.90"]
[White "Mohota, Nisha"]
[Black "Wemmers, Xander"]
[Result "1/2-1/2"]
[WhiteTitle "IM"]
[BlackTitle "IM"]
[WhiteElo "2201"]
[BlackElo "2380"]
[WhiteFideId "5004330"]
[BlackFideId "1004182"]
[EventDate "2020.01.21"]

1. e4 c6 2. d4 d5 3. Nc3 dxe4 4. Nxe4 Nd7 5. Ng5 Ngf6 6. Bd3 e6 7. N1f3 Bd6 8.
Qe2 h6 9. Ne4 Nxe4 10. Qxe4 Qc7 11. Bd2 b6 12. O-O-O Bb7 13. Qe2 O-O-O 14. Kb1
Kb8 15. Rhe1 c5 16. Be4 Bxe4 17. Qxe4 Nf6 18. Qe2 c4 19. c3 Nd5 20. g3 b5 21.
Rc1 Rhe8 22. h4 a6 23. Rc2 Rc8 24. h5 Ka7 25. Ne5 f6 26. Ng4 Qf7 27. Ne3 f5 28.
Qf3 Nf6 29. Rh1 Qb7 30. Qxb7+ Kxb7 31. Ng2 Nd5 32. Bf4 Nxf4 33. Nxf4 e5 34. dxe5
Bxe5 35. Ng6 Bf6 36. Rd1 Rcd8 37. Rcd2 Rxd2 38. Rxd2 Bg5 39. f4 Bf6 40. Nh4 Bxh4
41. gxh4 Kc6 42. Rg2 Re4 43. Rxg7 Rxf4 44. Rg6+ Kd5 45. Rxa6 Rxh4 46. Rxh6 Ke4
47. Rh8 f4 48. h6 f3 49. h7 f2 50. Rf8 Ke3 51. Re8+ Kd2 52. Rd8+ Ke2 53. Re8+
Kd2 1/2-1/2

[Event "Gibraltar Masters 2020"]
[Site "Caleta ENG"]
[Date "2020.01.23"]
[Round "3.91"]
[White "Hedman, Erik"]
[Black "Cholleti, Sahajasri"]
[Result "0-1"]
[WhiteTitle "IM"]
[BlackTitle "WFM"]
[WhiteElo "2376"]
[BlackElo "2202"]
[WhiteFideId "1702351"]
[BlackFideId "5045118"]
[EventDate "2020.01.21"]

1. d4 Nf6 2. Nf3 e6 3. e3 d5 4. Bd3 c5 5. O-O Nc6 6. b3 Bd6 7. Bb2 O-O 8. Nbd2
b6 9. a3 Bb7 10. Ne5 Rc8 11. Qe2 Qc7 12. f4 Ne7 13. Rad1 Ne4 14. dxc5 Bxc5 15.
b4 Bd6 16. Qh5 Nf5 17. Rf3 g6 18. Qh3 Ng5 19. fxg5 Bxe5 20. Bxe5 Qxe5 21. Nb3
Nd6 22. Nd4 Qxg5 23. Nxe6 fxe6 24. Qxe6+ Nf7 25. Rdf1 Qe5 0-1

[Event "Gibraltar Masters 2020"]
[Site "Caleta ENG"]
[Date "2020.01.23"]
[Round "3.92"]
[White "Bottke, Hartmut"]
[Black "Salimova, Nurgyul"]
[Result "1/2-1/2"]
[BlackTitle "IM"]
[WhiteElo "2185"]
[BlackElo "2372"]
[WhiteFideId "4627873"]
[BlackFideId "2915138"]
[EventDate "2020.01.21"]

1. e4 c6 2. d4 d5 3. Nd2 dxe4 4. Nxe4 Bf5 5. Ng3 Bg6 6. h4 h6 7. Nf3 Nd7 8. h5
Bh7 9. Bd3 Bxd3 10. Qxd3 e6 11. Bd2 Ngf6 12. O-O-O Be7 13. Ne4 Nxe4 14. Qxe4 Nf6
15. Qe2 Qd5 16. c4 Qe4 17. Qxe4 Nxe4 18. Be3 O-O 19. Ne5 Rfd8 20. g4 c5 21. f3
cxd4 22. Rxd4 Rxd4 23. Bxd4 Nd6 24. Rd1 b6 25. b3 Rc8 26. Kd2 Kf8 27. Ke2 Ke8
28. Be3 Bf6 29. Bf4 Be7 30. Bc1 Bf6 31. Bf4 Be7 1/2-1/2

[Event "Gibraltar Masters 2020"]
[Site "Caleta ENG"]
[Date "2020.01.23"]
[Round "3.93"]
[White "Tomilova, Elena"]
[Black "Enkhtuul, Altan-Ulzii"]
[Result "0-1"]
[WhiteTitle "WGM"]
[BlackTitle "WGM"]
[WhiteElo "2372"]
[BlackElo "2200"]
[WhiteFideId "4162340"]
[BlackFideId "4901444"]
[EventDate "2020.01.21"]

1. e4 Nf6 2. e5 Nd5 3. d4 d6 4. Nf3 Bg4 5. Be2 e6 6. c4 Nb6 7. h3 Bh5 8. exd6
cxd6 9. Nc3 Be7 10. g4 Bg6 11. d5 Na6 12. dxe6 fxe6 13. Nd4 Nc7 14. O-O e5 15.
Nc2 O-O 16. Ne3 Bg5 17. Bf3 Bxe3 18. Bxe3 Nxc4 19. Qe2 Nxe3 20. fxe3 Rb8 21.
Rad1 Qe7 22. Qd2 Rf6 23. g5 Rxf3 24. Rxf3 Bh5 25. Rf5 Bxd1 26. Qxd1 Qe6 27. e4
b5 28. Qg4 Re8 29. Qf3 b4 30. Nd5 Nxd5 31. exd5 Qc8 32. Qe4 Qc1+ 33. Kg2 Qd2+
34. Kg3 Rc8 35. h4 Rc2 36. Rf1 Qh2+ 37. Kg4 g6 0-1

[Event "Gibraltar Masters 2020"]
[Site "Caleta ENG"]
[Date "2020.01.23"]
[Round "3.94"]
[White "Reimanis, Ritvars"]
[Black "Alboredo, Julia"]
[Result "1/2-1/2"]
[WhiteTitle "FM"]
[BlackTitle "WFM"]
[WhiteElo "2370"]
[BlackElo "2190"]
[WhiteFideId "11602988"]
[BlackFideId "2124807"]
[EventDate "2020.01.21"]

1. d4 Nf6 2. c4 g6 3. Nc3 d5 4. Bf4 Bg7 5. e3 O-O 6. cxd5 Nxd5 7. Nxd5 Qxd5 8.
Bxc7 Na6 9. Bxa6 Qxg2 10. Qf3 Qxf3 11. Nxf3 bxa6 12. O-O Bb7 13. Nd2 Rac8 14.
Rfc1 f6 15. Nb3 Bd5 16. Rc5 e5 17. Rac1 Bxb3 18. axb3 exd4 19. exd4 f5 20. d5
Rf7 21. d6 Rd7 22. Rc6 Bf8 23. R1c4 Kf7 24. Rxa6 Ke6 25. Rcc6 f4 26. Kg2 g5 27.
Kf3 h5 28. h3 Re8 29. Rxa7 Bg7 30. Ra5 Be5 31. Rcc5 Kf5 32. Kg2 g4 33. hxg4+
hxg4 34. f3 g3 35. b4 Kf6 36. Rd5 Bxb2 37. Rf5+ Kg6 38. Rxf4 Re2+ 39. Kf1 Rf2+
40. Kg1 Rh7 41. Rd5 Bc1 42. Rg4+ Kf7 43. Bb6 Rfh2 44. Rxg3 Rh1+ 45. Kf2 Ke6 46.
Rd3 Bf4 47. Rg4 R7h2+ 48. Rg2 Bxd6 49. Bc5 Bxc5+ 50. bxc5 Rxg2+ 51. Kxg2 Rc1 52.
Rd6+ Ke5 53. Rc6 Kf4 54. Rc8 Rc2+ 55. Kh3 Kxf3 56. c6 Rc1 57. Kh2 Rc2+ 58. Kg1
Rc1+ 59. Kh2 1/2-1/2

[Event "Gibraltar Masters 2020"]
[Site "Caleta ENG"]
[Date "2020.01.23"]
[Round "3.95"]
[White "Jansen, Guido"]
[Black "Vega Gutierrez, Sabrina"]
[Result "0-1"]
[BlackTitle "IM"]
[WhiteElo "2162"]
[BlackElo "2364"]
[WhiteFideId "1014650"]
[BlackFideId "2219026"]
[EventDate "2020.01.21"]

1. d4 d5 2. c4 e6 3. Nf3 c6 4. e3 Bd6 5. b3 f5 6. Bd3 Nf6 7. O-O Qe7 8. a4 a5 9.
Ba3 Bxa3 10. Rxa3 Na6 11. cxd5 exd5 12. Bxa6 Rxa6 13. Ra2 O-O 14. Ne5 Ng4 15.
Nd3 Qd6 16. g3 Qh6 17. h4 g5 18. Kg2 f4 19. exf4 gxh4 20. Rh1 h3+ 21. Kf1 Qg7
22. Ne5 Nxe5 23. dxe5 Rxf4 24. f3 Rf8 25. Qe2 Bg4 26. Nd2 Raa8 27. Qe3 Rae8 28.
Qd4 Rxe5 0-1

[Event "Gibraltar Masters 2020"]
[Site "Caleta ENG"]
[Date "2020.01.23"]
[Round "3.96"]
[White "Gschnitzer, Oswald"]
[Black "Podetti, Davide"]
[Result "1-0"]
[WhiteTitle "IM"]
[WhiteElo "2361"]
[BlackElo "2187"]
[WhiteFideId "4600231"]
[BlackFideId "893617"]
[EventDate "2020.01.21"]

1. Nf3 Nf6 2. c4 e6 3. Nc3 d5 4. d4 Be7 5. Bg5 h6 6. Bxf6 Bxf6 7. e3 c6 8. Qc2
Nd7 9. Rd1 O-O 10. Bd3 b6 11. O-O Bb7 12. Rfe1 Rc8 13. e4 dxc4 14. Bxc4 b5 15.
Bb3 Qb6 16. Qe2 e5 17. d5 Nc5 18. dxc6 Bxc6 19. Rd6 Nxb3 20. axb3 Be7 21. Rd2
Bf6 22. Nd5 Bxd5 23. exd5 Rfe8 24. Qe4 Qd6 25. h4 Rc5 26. Red1 a5 27. Nh2 a4 28.
bxa4 Rc4 29. Qe2 Rxa4 30. Qxb5 Raa8 31. Qc6 Qb4 32. d6 Qxh4 33. d7 Red8 34. Rc2
Rab8 35. Rc4 Qh5 36. Ng4 Be7 37. Rd2 Bg5 38. Qf3 Kh8 39. Rd1 Bf4 40. g3 Qh3 41.
b4 Kg8 42. Nh2 Bg5 43. Qd5 Qe6 44. Qxe6 fxe6 45. Ng4 Rb7 46. Nxe5 Bf6 47. Rc8
Rxd7 48. Rxd8+ Rxd8 49. Rxd8+ Bxd8 50. b5 Bc7 51. Nc4 Kf7 52. b6 Bb8 53. Na5 1-0

[Event "Gibraltar Masters 2020"]
[Site "Caleta ENG"]
[Date "2020.01.23"]
[Round "3.97"]
[White "Chigaeva, Anastasia"]
[Black "Zhukova, Natalia"]
[Result "1/2-1/2"]
[WhiteTitle "WFM"]
[BlackTitle "GM"]
[WhiteElo "2156"]
[BlackElo "2338"]
[WhiteFideId "24131008"]
[BlackFideId "14101513"]
[EventDate "2020.01.21"]

1. d4 Nf6 2. c4 e6 3. Nf3 d5 4. Nc3 c6 5. Bg5 Nbd7 6. e3 Qa5 7. Bxf6 Nxf6 8. Qc2
Bb4 9. Nd2 O-O 10. Bd3 c5 11. Nb3 Qc7 12. dxc5 dxc4 13. Bxc4 Bxc5 14. Nxc5 Qxc5
15. Bd3 b6 16. O-O Bb7 17. Ne4 Bxe4 18. Bxe4 Rac8 19. Qxc5 Rxc5 20. Bd3 Rfc8 21.
Rad1 Kf8 22. Rfe1 Ke7 23. Kf1 Ng4 24. Ke2 Ne5 25. Bb1 Nc4 26. b3 Nd6 27. Bd3 f5
28. Rd2 e5 29. Red1 R8c7 30. f4 e4 31. Ba6 Ra5 32. a4 Rxa6 33. Rxd6 Ra5 34. R6d4
Rac5 35. b4 Rc3 36. R1d2 Ra3 37. b5 Rac3 38. h3 h5 39. g4 hxg4 40. hxg4 fxg4 41.
Rxe4+ Kf7 42. Kf2 Ra3 43. Kg3 Re7 44. Rdd4 Rxe3+ 1/2-1/2

[Event "Gibraltar Masters 2020"]
[Site "Caleta ENG"]
[Date "2020.01.23"]
[Round "3.98"]
[White "Divya, Deshmukh"]
[Black "Kandic, Milan"]
[Result "1-0"]
[WhiteTitle "WIM"]
[BlackTitle "FM"]
[WhiteElo "2322"]
[BlackElo "2132"]
[WhiteFideId "35006916"]
[BlackFideId "926752"]
[EventDate "2020.01.21"]

1. d4 d6 2. e4 Nf6 3. Nc3 e5 4. Nf3 Nbd7 5. Bc4 Be7 6. O-O O-O 7. h3 c6 8. a4 b6
9. Be3 Rb8 10. Qe2 Qc7 11. Rfd1 exd4 12. Nxd4 Ne5 13. Bb3 a6 14. f4 Ng6 15. Qc4
c5 16. Nf3 Bb7 17. Ng5 Bd8 18. Qd3 Be7 19. Rd2 Nh5 20. Bxf7+ Rxf7 21. Nxf7 Kxf7
22. Nd5 Qd8 23. e5 Kg8 24. g4 dxe5 25. gxh5 Nh4 26. Qe4 Qf8 27. Bf2 Kh8 28. Bxh4
Bxh4 29. fxe5 Bg5 30. Rg2 Qd8 31. c4 b5 32. b3 Bh6 33. e6 Bc6 34. Rf1 Qg8 35. e7
bxc4 36. bxc4 Re8 37. Rgf2 g6 38. hxg6 Qxg6+ 39. Qxg6 hxg6 40. Rf8+ 1-0

[Event "Gibraltar Masters 2020"]
[Site "Caleta ENG"]
[Date "2020.01.23"]
[Round "3.99"]
[White "Sigeman, Johan"]
[Black "Judkovsky, Yair"]
[Result "0-1"]
[WhiteElo "2119"]
[BlackElo "2305"]
[WhiteFideId "1705601"]
[BlackFideId "2804930"]
[EventDate "2020.01.21"]

1. d4 Nf6 2. c4 e6 3. g3 c5 4. d5 exd5 5. cxd5 d6 6. Bg2 g6 7. Nf3 Bg7 8. O-O
O-O 9. Nc3 Na6 10. Nd2 Nc7 11. a4 b6 12. Nc4 Ba6 13. Ne3 Re8 14. Rb1 Qe7 15. Qc2
Bc8 16. Re1 Bd7 17. Bd2 Rab8 18. Nc4 b5 19. axb5 Bxb5 20. b3 Ng4 21. Bf4 Bxc4
22. bxc4 Bxc3 23. Qxc3 Rxb1 24. Rxb1 Qxe2 25. Qf3 Qe1+ 26. Rxe1 Rxe1+ 27. Bf1
Rxf1+ 28. Kg2 Rxf2+ 29. Qxf2 Nxf2 30. Bxd6 Nxd5 31. Kxf2 Nf6 32. Kf3 Nd7 33. Ke4
f5+ 34. Kd5 Kf7 35. Bxc5 Nxc5 36. Kxc5 Ke7 37. Kc6 a5 38. c5 a4 39. Kb7 a3 40.
c6 a2 41. c7 a1=Q 42. c8=Q Qb1+ 43. Ka7 Qa2+ 44. Kb8 Qb3+ 0-1

[Event "Gibraltar Masters 2020"]
[Site "Caleta ENG"]
[Date "2020.01.23"]
[Round "3.100"]
[White "Belenkaya, Dina"]
[Black "Gonzalez Gonzalez, Alfonso"]
[Result "1-0"]
[WhiteTitle "WGM"]
[WhiteElo "2304"]
[BlackElo "2100"]
[WhiteFideId "24142654"]
[BlackFideId "2223007"]
[EventDate "2020.01.21"]

1. e4 e6 2. Qe2 e5 3. Nf3 Nc6 4. g3 Bc5 5. Bg2 d6 6. c3 Nf6 7. b4 Bb6 8. O-O O-O
9. Bb2 Re8 10. d3 a6 11. a3 Ba7 12. Nbd2 Nb8 13. c4 Nbd7 14. h3 Nf8 15. Kh2 Ne6
16. Nb3 Bd7 17. Nfd2 g5 18. c5 h6 19. Rac1 Bb5 20. Nc4 dxc5 21. Nxe5 cxb4 22.
axb4 Nd4 23. Nxd4 Bxd4 24. f4 Rxe5 25. fxe5 Bxd3 26. Qxd3 Bg1+ 27. Kxg1 Qxd3 28.
Rxf6 Qe2 29. Rf2 Qe3 30. e6 Rd8 31. exf7+ Kf8 1-0

[Event "Gibraltar Masters 2020"]
[Site "Caleta ENG"]
[Date "2020.01.23"]
[Round "3.101"]
[White "Reeder, Andy"]
[Black "Ranaldi, Lucas"]
[Result "0-1"]
[BlackTitle "FM"]
[WhiteElo "2064"]
[BlackElo "2296"]
[WhiteFideId "2016516"]
[BlackFideId "1519484"]
[EventDate "2020.01.21"]

1. Nf3 Nf6 2. c4 b6 3. g3 Bb7 4. Bg2 c5 5. O-O g6 6. b3 Bg7 7. Bb2 O-O 8. Nc3 d6
9. d4 cxd4 10. Nxd4 Bxg2 11. Kxg2 Qc7 12. Rc1 Qb7+ 13. Kg1 Nbd7 14. Qd2 Rfd8 15.
Nc2 Nc5 16. Ne3 e6 17. b4 Na6 18. a3 Nc7 19. Rfd1 Rd7 20. Qc2 Rad8 21. Nb5 Nce8
22. Rd3 a6 23. Nd4 Rc8 24. Nb3 Rdc7 25. Bd4 Bf8 26. Qb2 Nd7 27. Rdd1 Bh6 28. Nd2
e5 29. Bc3 Bxe3 30. fxe3 Ndf6 31. Qb1 h5 32. h3 Rc6 33. Bb2 Qe7 34. e4 b5 35.
cxb5 Rxc1 36. Rxc1 Rxc1+ 37. Qxc1 Qa7+ 38. Kg2 Qe3 39. bxa6 Qxe2+ 40. Kg1 Qxa6
41. Qc4 Qb6+ 42. Kg2 h4 43. g4 Nxg4 44. hxg4 h3+ 45. Kh1 Qf2 46. Qf1 Qxd2 47.
Bc1 Qc2 48. Bh6 Qxe4+ 49. Kh2 Nf6 50. Kxh3 Qxg4+ 51. Kh2 Qh4+ 52. Qh3 Ng4+ 53.
Kg2 Qf2+ 54. Kh1 Nxh6 55. Qxh6 Qf3+ 56. Kh2 Qxa3 57. Qd2 Qa6 58. Qd5 Qe2+ 59.
Kh3 Qf1+ 60. Kg4 Qf4+ 0-1

[Event "Gibraltar Masters 2020"]
[Site "Caleta ENG"]
[Date "2020.01.23"]
[Round "3.102"]
[White "Antova, Gabriela"]
[Black "Hamer, Martyn"]
[Result "0-1"]
[WhiteTitle "FM"]
[WhiteElo "2295"]
[BlackElo "2069"]
[WhiteFideId "2915235"]
[BlackFideId "413160"]
[EventDate "2020.01.21"]

1. e4 e6 2. d4 d5 3. Nd2 Nf6 4. e5 Nfd7 5. f4 c5 6. c3 Nc6 7. Ndf3 Qb6 8. a3 f6
9. b4 cxd4 10. cxd4 a6 11. Bd3 Be7 12. Ne2 fxe5 13. fxe5 O-O 14. h4 Rxf3 15.
gxf3 Ndxe5 16. dxe5 Nxe5 17. Qc2 Bd7 18. Bb2 Nxf3+ 19. Kd1 e5 20. Qb3 Kh8 21.
Bc2 Bg4 22. Rh3 Nd4 23. Qe3 Bxe2+ 24. Kd2 Bg4 25. Rg3 h5 26. Rh1 Qd6 27. Bxd4
exd4 28. Qd3 Qh6+ 29. Ke1 Bd6 30. Rxg4 hxg4 31. Kf2 Rc8 32. Kg2 Rc3 33. Qe2 Rg3+
34. Kf2 Qf4+ 35. Ke1 Re3 0-1